Quizzes
Events
Quiz Creation
Community
Videos
Private Events
Remove Ads
Sign In
Join for FREE
Feedback
Dark Mode
Quiz Categories
Sports
Geography
Music
Movies
Television
Just For Fun
Miscellaneous
History
Literature
Language
Science
Gaming
Entertainment
Religion
Holiday
For Kids
Quiz Lab
Recent
Popular Today
Quiz Kudos Today
Editor Picks
Curator Picks
Quizzes by...
Day
Popularity
Type
Ratings
Length
Year
Community
Subscriptions
Recent Discussions
Orange Saloon
Badges
Playlists
Quests
Create
Leaderboards
Showdown
Live 5
Trivia Bingo
Activity
Puzzle Library
Sporcle Events
Private Events
Virtual Trivia
Globe League
Become a Host
Pub Owners
SporcleCon
Opinionation
Our Games
Videos
Blog
Mobile Apps
Partnerships
Remove Ads and Go Orange
Feedback
Television
TV Characters
TV Show
Sitcom
Network
Friends
Reality Shows
Cast
South Park
Star Trek
The Simpsons
Doctor Who
Television
TV Characters
TV Show
Sitcom
Network
Friends
Reality Shows
Cast
South Park
Star Trek
The Simpsons
Doctor Who
Random Quiz
Search Sporcle
×
Quiz Lab
Quiz Lab
Television
Quote
Select answers by clicking on text or image buttons
Select answers by clicking on text or image buttons
Clickable
Best Score? Go Orange.
The Office Episodes (Seasons 1-5) Stats
Can you pick the episodes of the first five seasons of The Office (U.S.) by the quote?
By
npdavis
20m
100 Questions
3,456 Plays
3,456 Plays
3,456 Plays
Comments
Comments
Give Quiz Kudos
Give Quiz Kudos
-
- Ratings
hide this ad
More Info
Forced Order
Answers have to be entered in order
Answers have to be entered in order
Replay
Link that replays current quiz
Next Quiz
Link to next quiz in quiz playlist
You Got
0%
They Got
Avg Score
52%
Avg Friend Score
Upgrade to see
Score Distribution
Jump to the score distribution portion of the page
Score
0/100
Timer
20:00
0
Plays Today
% Correct
Booze Cruise
74.2%
Phyllis's Wedding
73.3%
Dinner Party
73%
Pilot
72.8%
Fun Run Part 2
72.8%
Beach Games
71.3%
Golden Ticket
70.4%
The Convict
70.1%
The Dundies
69.7%
Christmas Party
68.9%
Diversity Day
67%
Michael's Birthday
66.3%
Business Ethics
66.1%
The Duel
66.1%
The Injury
66%
Casino Night
66%
Health Care
65.9%
The Job Part 2
65.7%
Dwight's Speech
65.5%
Gay Witch Hunt
64.5%
Stress Relief Part 1
63.9%
Goodbye, Toby Part 1
63.8%
The Merger
63.6%
Local Ad
63.5%
Conflict Resolution
63.3%
Safety Training
63.1%
Basketball
63%
Moroccan Christmas
62.3%
Take Your Daughter to Work Day
62.2%
Weight Loss Part 2
61.8%
Diwali
61.4%
Lecture Circuit Part 1
61.3%
Grief Counseling
60.5%
Boys and Girls
60.2%
% Correct
The Deposition
59.1%
Office Olympics
58.7%
Branch Wars
58.6%
Women's Appreciation
58.5%
Branch Closing
58.4%
Company Picnic
58.1%
Drug Testing
57.6%
Launch Party Part 2
57.6%
A Benihana Christmas Part 1
57.3%
Michael Scott Paper Company
56.6%
Lecture Circuit Part 2
55.3%
Baby Shower
55.2%
Did I Stutter?
55%
Dream Team
55%
Heavy Competition
53.8%
Crime Aid
53.5%
New Boss
53.1%
Fun Run Part 1
52.7%
A Benihana Christmas Part 2
52.6%
Two Weeks
52.1%
The Fight
51.8%
Weight Loss Part 1
51.7%
The Convention
51.1%
Dunder Mifflin Infinity Part 1
50.4%
Product Recall
48.8%
Hot Girl
48.6%
The Secret
48.1%
Goodbye, Toby Part 2
47.2%
The Fire
46.9%
The Job Part 1
46.8%
Traveling Salesmen
46.6%
The Client
46.6%
Sexual Harassment
46.5%
Customer Survey
45.4%
% Correct
Business School
44.9%
Ben Franklin
44.6%
Performance Review
43.9%
Survivor Man
43.1%
The Return
43.1%
Prince Family Paper
43%
Valentine's Day
42.7%
Dunder Mifflin Infinity Part 2
42.6%
Job Fair
42%
Money Part 2
41%
E-mail Surveillance
40.8%
Frame Toby
40.6%
Launch Party Part 1
39.9%
The Surplus
38.9%
The Negotiation
38.6%
The Coup
38.3%
Broke
37.8%
Cocktails
37.8%
Employee Transfer
37.3%
Initiation
36.9%
Stress Relief Part 2
34.1%
Back From Vacation
33.6%
Casual Friday
33.1%
Cafe Disco
32.1%
Blood Drive
30.6%
Halloween
28.6%
Business Trip
28.6%
The Alliance
28.3%
Chair Model
27.9%
The Carpet
26%
Money Part 1
25.2%
Night Out
23.4%
Quiz Playlist
Details
Report
Send in Message
Add To Playlist
More Info:
This is part 1 of 2. The second part will be released after the final episodes air this spring.
Clickable:
Select answers by clicking on text or image buttons
Forced Order:
Answers have to be entered in order
Quiz Source
Last Updated: Feb 16, 2017
Quiz Scoreboard
CHALLENGE
Sign Up to Join the Scoreboard
Show All
Scores
Hide
Comments
May contain spoilers
Recently Published
NBA Finals Game Top Scorers (2010s)
by flibbidy
Sports
5m
Guess the 'R' Things in 3 Words
by MSUKent
Miscellaneous
3m
Actor to Badly Drawn Movie III
by MoMosMoProblems
Movies
5m
More to Explore
Quiz From the Vault
Featured Blog Post
Where Does Lost Luggage Go?
hide this ad
You Might Also Like...
Tags
Clickable Quiz
Quote Quiz
1-5
episode
Five
office
season
The Office
Today's Top Quizzes in Television
Browse Television
hide this ad
Today's Top Quizzes in Quote
Browse Quote
Top Contributed Quizzes in Television
1
Hidden Simpsons Character
2
First Name TV: Leading Men
3
Hidden Simpsons Character II
4
Hidden Simpsons Character III
5
First Name TV: Leading Women Drama
6
Hidden Simpsons Character IV
7
Hidden Simpsons Character V
8
Hidden Simpsons Character VI
9
Hidden Simpsons Character VII
10
Hidden Simpsons Character VIII
Explore More
Trending Topics
Harry Potter
Kpop
Marvel
NBA
Crossword
Disney
Anime
Pokémon
Song
Soccer
WWE
Country
NFL
The Office
Puzzle
hide this ad
More By:
npdavis
Quiz
Plays
Rating
Category
Featured
Created
Emmy Comedy Noms (1980s)
29,216
4.39
Television
Jul 26, 2010
The Office Episodes (Seasons 1-5)
3,456
4.80
Television
Jan 26, 2013
Emmy Drama Series Nominees in the 21st century
1,827
4.36
Television
May 17, 2010
Emmy Comedy Series Nominees in the 21st century
1,725
4.31
Television
May 18, 2010
1990s Emmy Drama Series Nominees
674
5.00
Television
Jun 30, 2010
Go to Creator's Profile
Score Distribution
Quiz Creator Spotlight
npdavis
Follow
Send a Message
Quizzes Created
-
Created Quiz Play Count
-
More By This Creator
Popular Quizzes Today
1
Find the US States - No Outlines Minefield
2
Find the US States
3
The Countries of the World
4
10 Largest US States in Order
5
Find the Countries of Europe - No Outlines Minefield
6
US States
7
Guess the 'R' Things in 3 Words
8
NBA Finals Game Top Scorers (2010s)
More Television Quizzes
A Friend Indeed! TV Friends and Partners III
Published
Trending Quizzes
First Name TV: Leading Men
Match the Book to the Film II
First Name TV: Leading Women Drama
3-Word Movies in 1 Word II
Match the Book to the Film VI
Recently Updated
Women's Final Four Teams by Year
bhenderson79
Presidents Quartet II
eogle
Anything But Clue(do)
eogle
Anything But Oceanian Capitals
eogle
Anything But 7
eogle
Anything But Thing
eogle
Word Ladder: February 29
pecheneg
Song Title Questions
pecheneg
Women's NCAA Tournament #1 Seeds
pecheneg
Celebrity Mug Shots
pecheneg
Trending Topics
Crossword
Marvel
Disney
Anime
Harry Potter
NBA
Kpop
The Office
Puzzle
Soccer
Pokémon
Song
Country
NFL
WWE
Your Account Isn't Verified!
In order to create a playlist on Sporcle, you need to verify the email address you used during registration. Go to your
Sporcle Settings
to finish the process.
Report this User
Report this user for behavior that violates our
Community Guidelines
.
Details:
Send Report
Go to the Sporcle.com Mobile Site →
Comments